| 000 | 01372cmm a2200349Mi 4500 | ||
|---|---|---|---|
| 001 | 91243 | ||
| 005 | 20230411090049.0 | ||
| 007 | co cgu---||||| | ||
| 008 | 090511s2008 sp u spa d | ||
| 035 | _a(OCoLC)ocn629765209 | ||
| 040 |
_aSPUDB _bspa _cSPUDB _dOCLCQ |
||
| 017 | _aD.L.M-40771-2008 | ||
| 020 | _a9788480082587 | ||
| 020 | _a8480082585 | ||
| 035 | _a(OCoLC)629765209 | ||
| 049 | _aGRAL | ||
| 080 | _a351.712 | ||
| 111 | 2 |
_aSemana de Estudios de Derecho Financiero _n(51oc. _d2006. _cMadrid) |
|
| 245 | 1 | 4 |
_aLas nuevas formulas de financiacion de infraestructuras públicas _bLI Semana de Estudios de Derecho Financiero; [organiza] Fundacion para la Promocion de los Estudios Financieros. |
| 260 |
_aMadrid : _bInstituto de Estudios Fiscales, _c2008. |
||
| 300 |
_a422 p. ; _c12 cm. |
||
| 490 | 1 | _aEstudios juridicos (Instituto de Estudios Fiscales (Madrid)) | |
| 650 | 0 |
_aFinancial law _zSpain _xCongresses. |
|
| 650 | 0 |
_aWorks you publish _zSpain _xFinancing _xCongresses. |
|
| 650 | 4 |
_aDerecho financiero _zEspana _xCongresos. |
|
| 650 | 4 |
_aObras publicas _zEspana _xFinanciacion _xCongresos. |
|
| 710 | 2 | _aInstituto de Estudios Fiscales (Espana) | |
| 710 | 2 | _aFundacion para la Promocion de los Estudios Financieros. | |
| 830 | 0 | _aEstudios juridicos (Instituto de Estudios Fiscales (Madrid)) | |
| 942 |
_2lcc _cbk |
||
| 994 |
_aC0 _bDRFGD |
||
| 999 |
_c111841 _d111841 |
||